Vidím hvězdy

Bibliographic Details
Main Author: Baker, Fran, 1947- (Author)
Other Authors: Mazal, Miloslav, 1927-1999 (Translator), Francisci, Michal, 1936- (Translator)
Format: Book
Language:Czech
English
Published: Martin Wist 1995
Series:Love story
Subjects:

MARC

LEADER 00000cam a2200000 a 4500
001 vtls001183301
003 SK-MaSNL
005 20260301194647.0
008 240611s1995 xo era 0000f cze
015 |a SNBA1996/0501309 
020 |a 8080490031  |q (brož.) 
035 |a SNK000126351 
040 |a SNK  |b slo  |c SNK  |e AACR2 
041 1 |a cze  |h eng 
044 |a xo  |c SK 
080 |a 820 (73)-3=850  |2 1981 
100 1 |a Baker, Fran,  |d 1947-  |4 aut  |9 40404 
240 1 0 |a Seeing stars  |l Česky 
245 1 0 |a Vidím hvězdy  |c Fran Baker ; překlad M. Francisci, M. Mazal 
260 |a Martin  |b Wist  |c 1995 
300 |a 170 s.  |c 18 cm 
490 1 |a Love story  |v 77 
655 7 |a americké romány  |2 SNKPH  |9 1174 
655 7 |a ľúbostné romány  |2 SNKPH  |9 70497 
700 1 |a Mazal, Miloslav,  |d 1927-1999  |4 trl  |9 38287 
700 1 |a Francisci, Michal,  |d 1936-  |4 trl  |9 36958 
830 0 |a Love story  |9 276554 
852 |a Slovenská národná knižnica 
919 |a 80-8049-003-1 
954 |a beletria cudzojazyčná (svetová)  |2 lita 
958 |a TL 
958 |a LX 
958 |a CZ 
958 |a US 
958 |a NS 
958 |a UP 
968 |a Čes  |b ENG 
999 |c 882621  |d 884551 
952 |t P60, <09>, [BOOK], {629}  |a SNK  |b SNK  |y NEVYP  |7 0  |o snkD 110  |i snk1049/960313  |0 0  |1 0  |4 0  |d 1996-03-12  |l 0  |r 2005-01-01 00:00:00  |w 2026-02-24 
952 |t P60, <03>, [BOOK], {603}  |a SNK  |b SNK  |y PREZ  |7 0  |p 17A0000892  |o snkSD 67692  |i snkKSP 2762/96  |0 0  |1 0  |4 0  |d 1996-03-12  |l 0  |r 2005-01-01 00:00:00  |w 2026-02-24 
952 |t P60, <04>, [BOOK], {604}  |a SNK  |b SNK  |y VYP  |7 0  |p 17A0000893  |o snkSD 67692 D1  |i snkKSP 2763/96  |0 0  |1 0  |4 0  |d 1996-03-12  |l 0  |r 2005-01-01 00:00:00  |w 2026-02-24